000 00792nam a2200277Ia 4500
003 OSt
005 20221006153200.0
006 a|||||r|||| 00| 0
007 ta
008 221006b |||||||| |||| 00| 0 kor d
020 _a9788901047607
_cW 7,000
024 _a31,525
037 _bGift, Korean Embassy
_cTextual
040 _aEASL
_cEASL
_bkor
041 _2kor
_akor
082 _aY:823.495, P4
100 _aKIM Joon-Hoe Au.
_9662783
245 0 _aGandanhan jaeryoro swipge mandeu-neun
_b Sonnim chodae yori
260 _aSeoul
_bWoongjin.com Co. Ltd. Korea
_c2004
300 _a143p.
_ccm.
490 _v KL
650 _a KL
650 _aCooking
942 _hY:823.495, P4
_cTEXL
_2CC
999 _c1099611
_d1099611